000 00652cam a22002053a 4500
001 44104
003 PGUSA
005 20140828084014.0
008 131104s2013||||xxu|||||s|||||000 | eng d
040 _aPGUSA
_beng
042 _adc
100 1 _aBancroft, Hubert Howe,
_d1832-1918
245 1 4 _aThe Works of Hubert Howe Bancroft, Volume IV :
_bThe Native Races, Volume IV, Antiquities
_h[electronic resource] /
_cHubert Howe Bancroft
260 _bProject Gutenberg,
_c2013
506 _aPublic domain in the USA.
516 _aElectronic text
830 0 _aProject Gutenberg
_v44104
856 4 0 _uhttp://www.gutenberg.org/ebooks/44104
942 _cEB
999 _c273355
_d273355